Numéros de département et leurs chef-lieux - Statistiques

Statistiques générales
  • Ce quiz a été pris 51 fois
  • Le résultat moyen est 66 sur 101
Statistiques - réponses
Hint Réponse % Correct
14 Caen
96%
13 Marseille
96%
6 Nice
96%
85 La Roche sur Yon
92%
35 Rennes
92%
2A Ajaccio
88%
2B Bastia
88%
33 Bordeaux
88%
1 Bourg-en-Bresse
88%
67 Strasbourg
88%
31 Toulouse
88%
21 Dijon
84%
17 La Rochelle
84%
59 Lille
84%
44 Nantes
84%
75 Paris
84%
15 Aurillac
80%
63 Clermont-Ferrand
80%
30 Nîmes
80%
10 Troyes
80%
11 Carcassonne
76%
7 Charleville-Mézières
76%
5 Gap
76%
38 Grenoble
76%
69 Lyon
76%
34 Montpellier
76%
54 Nancy
76%
49 Angers
72%
16 Angoulême
72%
25 Besançon
72%
18 Bourges
72%
2 Lâon
72%
57 Metz
72%
45 Orléans
72%
66 Perpignan
72%
29 Quimper
72%
22 Saint-Brieuc
72%
56 Vannes
72%
47 Agen
68%
68 Colmar
68%
4 Digne
68%
53 Laval
68%
87 Limoges
68%
3 Moulins
68%
12 Rodez
68%
76 Rouen
68%
42 Saint-Étienne
68%
83 Toulon
68%
26 Valence
68%
74 Annecy
64%
84 Avignon
64%
51 Châlons-en-Champagne
64%
73 Chambéry
64%
8 Privas
64%
72 Le Mans
64%
24 Périgueux
64%
37 Tours
64%
19 Tulle
64%
32 Auch
60%
36 Châteauroux
60%
71 Mâcon
60%
77 Melun
60%
40 Mont-de-Marsan
60%
64 Pau
60%
974 Saint-Denis
60%
61 Alençon
56%
80 Amiens
56%
60 Beauvais
56%
41 Blois
56%
28 Chartres
56%
27 Évreux
56%
23 Guéret
56%
43 Le Puy en Velay
56%
78 Versailles
56%
62 Arras
52%
90 Belfort
52%
46 Cahors
52%
52 Chaumont
52%
94 Créteil
52%
9 Foix
52%
39 Lons-le-Saunier
52%
58 Nevers
52%
86 Poitiers
52%
50 Saint-Lô
52%
65 Tarbes
52%
89 Auxerre
48%
55 Bar-le-Duc
48%
973 Cayenne
48%
972 Fort-de-France
48%
82 Montauban
48%
79 Niort
48%
81 Albi
44%
971 Basse-Terre
44%
95 Cergy-Pontoise
44%
88 Epinal
44%
91 Evry
44%
976 Mamoudzou
40%
92 Nanterre
40%
48 Mende
36%
70 Vesoul
36%
93 Bobigny
32%
Aucun quiz correspondant
Distribution des résultats
% des personnes avec chaque résultat
Percentile par nombre de réponses
Votre historique - résultats
Vous n’avez pas pris ce quiz